¡Hijos! ¿Para qué? (Record no. 75429)

MARC details
000 -LEADER
campo de control de longitud fija 00593nam a2200169 i 4500
001 - NÚMERO DE CONTROL
campo de control 75429
003 - IDENTIFICADOR DE NÚMERO DE CONTROL
campo de control ES-MaACL
005 - FECHA Y HORA DE LA ÚLTIMA TRANSACCIÓN
campo de control 20230906172440.0
007 - CAMPO FIJO DE DESCRIPCIÓN FÍSICA--INFORMACIÓN GENERAL
campo de control de longitud fija t|
008 - DATOS DE LONGITUD FIJA--INFORMACIÓN GENERAL
campo de control de longitud fija 040924s1962 sp ||||1| spa d
100 1# - ENTRADA PRINCIPAL--NOMBRE DE PERSONA
Nombre de persona Goyoaga, Restituto.
9 (RLIN) 59415
245 10 - MENCIÓN DEL TÍTULO
Título ¡Hijos! ¿Para qué?
Resto del título : puntos de vista de la ciencia y de la moral católica en relación con los problemas genésicos /
Mención de responsabilidad, etc. Restituto Goyoaga ; prólogo de M. Usandizaga.
260 ## - PUBLICACIÓN, DISTRIBUCIÓN, ETC.
Lugar de publicación, distribución, etc. Bilbao :
Nombre del editor, distribuidor, etc. [Eléxpuru],
Fecha de publicación, distribución, etc. 1962.
300 ## - DESCRIPCIÓN FÍSICA
Extensión 292 p. ;
Dimensiones 15 cm.
700 1# - ENTRADA AGREGADA--NOMBRE PERSONAL
Nombre de persona Usandizaga, Manuel.
9 (RLIN) 112292
852 ## - LOCALIZACIÓN
Ubicación ES-MaACL
Número de control de estantería C-21766
Sublocalización o colección R.50267
Holdings
Estatus retirado Estado de pérdida Estado de daño No para préstamo Biblioteca de origen Biblioteca actual Ubicación en estantería Fecha de adquisición Fuente de adquisición Total de préstamos Signatura topográfica completa Código de barras Visto por última vez Precio de reemplazo Tipo de ítem Koha
        Biblioteca del Ateneo de Madrid Biblioteca del Ateneo de Madrid Galería 17/01/2008     C-21766 1078950 23/02/2023 23/02/2023 Libro impreso